Dignidad personal, comunidad humana y orden jurídico (Registro nro. 6943)

Detalles MARC
000 -CABECERA
Longitud fija campo de control 01230nam a22003135b 4500
001 - NÚMERO DE CONTROL
Número de control bimo0000421916
003 - IDENTIFICADOR DELl NÚMERO DE CONTROL
Identificador del número de control OSt
005 - FECHA Y HORA DE LA ÚLTIMA TRANSACCIÓN
Fecha y hora de la última transacción 20140213213002.0
008 - CÓDIGOS DE INFORMACIÓN DE LONGITUD FIJA
Códigos de información de longitud fija 941107s1994 sp | ||| ||spa
017 ## - NÚMERO DE COPYRIGHT O DE DEPÓSITO LEGAL
Número de copyright o de depósito legal B 26683-1994
Agencia que asigna el número Oficina Depósito Legal Barcelona
020 ## - NÚMERO INTERNACIONAL NORMALIZADO PARA LIBROS
Número Internacional Normalizado para Libros (ISBN) 84-210-0484-0
035 ## - NÚMERO DE CONTROL DEL SISTEMA
Número de control del sistema (OCoLC)733432705
040 ## - FUENTE DE LA CATALOGACIÓN
Centro catalogador de origen SpMaBN
Lengua de catalogación spa
Centro transcriptor BMC
Normas de descripción rdc
082 ## - NÚMERO DE LA CLASIFICACIÓN DECIMAL DEWEY
Númeroo de clasificación 346.01
110 2# - PUNTO DE ACCESO PRINCIPAL-NOMBRE DE ENTIDAD CORPORATIVA
9 (RLIN) 13468
Nombre de entidad corporativa o nombre de jurisdicción como elemento inicial Sociedad Internacional Tomás de Aquino
Unidad subordinada Jornadas
Fecha del congreso o de la firma de un tratado 1993
Sede del congreso Barcelona
245 1# - MENCIÓN DE TÍTULO
Título Dignidad personal, comunidad humana y orden jurídico
Resto del título : actas de las Jornadas de la Sociedad Internacional Tomas de Aquino (SITA)
Número de parte o sección de la obra Volumen I
Mención de responsabilidad, etc. edición a cargo de Eudaldo Forment, con la colaboración de Ignacio Guiu, Enrique Martínez y Francisca Tomar
250 ## - MENCIÓN DE EDICIÓN
Mención de edición 1ª ed
260 0# - PUBLICACIÓN, DISTRIBUCIÓN, ETC. (PIE DE IMPRENTA)
Lugar de publicación, distribución, etc. Barcelona
Nombre del editor, distribuidor, etc. Balmes
Fecha de publicación, distribución, etc. 1994
300 ## - DESCRIPCIÓN FÍSICA
Extensión 477 p.
Dimensiones 24 cm
490 ## - MENCIÓN DE SERIE
Mención de serie Cuadernos de Espíritu
Designación de volumen o secuencia 4
594 ## - NOTA AL TÍTULO Y MENCIÓN DE RESPONSABIBLIDAD
Nota Al Título Y Mención De Responsabilidad En la cub.: Instituto Filosófico de Balmesiana
650 24 - PUNTO DE ACCESO ADICIONAL DE MATERIA - TÉRMINO DE MATERIA
9 (RLIN) 75
Término de materia o nombre geográfico como elemento inicial Dignidad de la persona
700 1# - PUNTO DE ACCESO ADICIONAL - NOMBRE DE PERSONA
Nombre de persona Forment, Eudaldo
9 (RLIN) 1144
700 1# - PUNTO DE ACCESO ADICIONAL - NOMBRE DE PERSONA
Nombre de persona Guiu, Ignacio
9 (RLIN) 13488
700 1# - PUNTO DE ACCESO ADICIONAL - NOMBRE DE PERSONA
Nombre de persona Martínez Reguera, Enrique
9 (RLIN) 13618
700 1# - PUNTO DE ACCESO ADICIONAL - NOMBRE DE PERSONA
Nombre de persona Tomar Romero, Francisca‏
9 (RLIN) 13620
710 2# - PUNTO DE ACCESO ADICIONAL - NOMBRE DE ENTIDAD
9 (RLIN) 13467
Nombre de entidad o nombre de jurisdicción como elemento inicial Instituto Filosófico de Balmesiana
942 ## - ENTRADA DE ELEMENTOS AGREGADOS (KOHA)
Fuente de clasificaión o esquema Dewey Decimal Classification
Koha [por defecto] tipo de item 1- Monografias
Existencias
Suprimido Perdido Fuente de clasificación o esquema Estropeado Restricciones de uso No para préstamo Código de colección Localización permanente Localización actual Localización en estanter&íacute;as Fecha adquisición Fuente de adquisición Número de inventario Préstamos totales Signatura completa Código de barras Prestado Fecha última consulta Fecha último préstamo Coste, precio reemplazado Fecha del precio de reemplazo Tipo de item de Koha
NULL NULL Dewey Decimal Classification NULL Prestable NULL NULL Biblioteca Miguel de Cervantes - UNICAES Biblioteca Miguel de Cervantes - UNICAES Sala Principal 29/07/2003 Donación - UNAV 011058 3 346.01 SOC dig 1011058 30/05/2026 28/05/2026 28/05/2026 18.00 12/02/2014 1- Monografias